The crustacean integument : Morphology and Biochemistry
Spremljeno u:
| Format: | Knjiga |
|---|---|
| Jezik: | Undetermined |
| Izdano: |
Boca Raton, FL
CRC Press
1993
|
| Teme: | |
| Oznake: |
Dodaj oznaku
Bez oznaka, Budi prvi tko označuje ovaj zapis!
|
| Thư viện lưu trữ: | Trung tâm Học liệu Trường Đại học Cần Thơ |
|---|
| LEADER | 00559nam a2200205Ia 4500 | ||
|---|---|---|---|
| 001 | CTU_67857 | ||
| 008 | 210402s9999 xx 000 0 und d | ||
| 020 | |b 183 | ||
| 082 | |a 595.30447 | ||
| 082 | |b C957 | ||
| 245 | 4 | |a The crustacean integument : | |
| 245 | 0 | |b Morphology and Biochemistry | |
| 245 | 0 | |c Edited by Michael N. Horst and John A. Freeman | |
| 260 | |a Boca Raton, FL | ||
| 260 | |b CRC Press | ||
| 260 | |c 1993 | ||
| 650 | |a Crustacea,Skin | ||
| 650 | |x Physiology | ||
| 904 | |i Minh | ||
| 980 | |a Trung tâm Học liệu Trường Đại học Cần Thơ | ||